60 years of the Universal Declaration of Human Rights in Europe / (Record no. 15108)
[ view plain ]
| 000 -LEADER | |
|---|---|
| fixed length control field | 00658cam a22001814a 4500 |
| 020 ## - INTERNATIONAL STANDARD BOOK NUMBER | |
| ISBN | 9789050958806 (pbk.) |
| 020 ## - INTERNATIONAL STANDARD BOOK NUMBER | |
| ISBN | 905095880X (pbk.) |
| 040 ## - CATALOGING SOURCE | |
| Transcribing agency | BTCTA |
| 082 ## - DEWEY DECIMAL CLASSIFICATION NUMBER | |
| Classification number | 332 DIS 2009 A073 Or. |
| 245 00 - TITLE STATEMENT | |
| Title | 60 years of the Universal Declaration of Human Rights in Europe / |
| 246 3# - VARYING FORM OF TITLE | |
| Title proper/short title | Sixty years of the Universal Declaration of Human Rights in Europe |
| 260 ## - PUBLICATION, DISTRIBUTION, ETC. (IMPRINT) | |
| Place of publication | Antwerp : |
| Name of publisher | Intersentia Publishers ; |
| Place of publication | Portland, OR : |
| Name of publisher | Distribution for the USA and Canada: International Specialized Book Services, |
| Year of publication | c2009. |
| 300 ## - PHYSICAL DESCRIPTION | |
| Number of Pages | xvii, 471 p. ; |
| Dimensions | 24 cm. |
| 650 #0 - SUBJECT ADDED ENTRY--TOPICAL TERM | |
| Topical Term | Human rights |
| 700 1# - ADDED ENTRY--PERSONAL NAME | |
| Personal name | Jaichand, Vinodh. |
| 700 1# - ADDED ENTRY--PERSONAL NAME | |
| Personal name | Suksi, Markku, |
| 942 ## - ADDED ENTRY ELEMENTS (KOHA) | |
| Koha item type | សៀវភៅភាសាអង់គ្លេស |
| 952 ## - LOCATION AND ITEM INFORMATION (KOHA) | |
| Withdrawn status [LOCAL, KOHA] | 0 |
| Permanent Location | Date acquired | Koha item type | Lost status | Shelving location | Barcode | Current Location | Full call number |
|---|---|---|---|---|---|---|---|
| Library Block A | 2017-11-10 | សៀវភៅភាសាអង់គ្លេស | A073 | A06033 | Library Block A | 332 DIS 2009 A073 Or. |